| 000 | 00266nem a2200121 i 4500 | ||
|---|---|---|---|
| 001 | bg | ||
| 245 | 0 | 0 | _aAtlas przemysłu Polski. |
| 260 |
_aWarszawa : _b[s.n.], _c1975. |
||
| 040 | _cBPK | ||
| 041 | _apol | ||
| 942 | _cMP | ||
| 008 | s pl f |000 0 pol | ||
| 999 |
_c49366 _d49366 |
||
| 856 |
_uhttp://koha.tu.koszalin.pl/cgi-bin/koha/opac-detail.pl?biblionumber=49366 _yKatalog online BPK |
||